A _ _ _ D to Z _ _ _ D Quiz Stats

 Plays Quiz not verified by Sporcle

Score 0/26 Timer 03:00
0 Plays Today
Hint Answer % Correct
No X answerNo X answer
100%
Hairy growth a man's faceBeard
96.8%
Completely unclothedNaked
94%
Deadly sinGreed
93.3%
Austrian psychoanalysist (1856-1939)Freud
92.1%
Young personChild
91.1%
Greek epic poem (attributed to Homer)Iliad
90.3%
U.S actors Dennis or RandyQuaid
88.8%
Muslim holy warJihad
88.3%
Strikingly odd or unusualWeird
88.1%
Having striking colorVivid
87.1%
Surrender or relinquish toYield
86.6%
Distance travelled per unit of timeSpeed
86.4%
Hint Answer % Correct
Appeal or request earnestlyPlead
86.4%
Ancient Celtic priest or soothsayerDruid
85.1%
Work doughKnead
84.6%
Lacking courage or confidenceTimid
83.9%
Small natural hillMound
80.9%
Small plant-sucking insectAphid
74.2%
Bibical king of JudeaHerod
73.7%
Turn (something) upside downUpend
71.5%
Rounded like an eggOvoid
69.5%
Separated or apportioned into sectionsZoned
68.7%
Fixed and unmovingRigid
65.3%
Scottish landownerLaird
50.1%
Make improvements or corrections toEmend
46.4%

You're not logged in!

Compare scores with friends on all Sporcle quizzes.
OR
Log In

You Might Also Like...

Show Comments

Extras

Top Quizzes Today


Score Distribution

Your Account Isn't Verified!

In order to create a playlist on Sporcle, you need to verify the email address you used during registration. Go to your Sporcle Settings to finish the process.

Report this User

Report this user for behavior that violates our Community Guidelines.

Details: